000 00851nam a2200229 c 4500
001 000030497
003 RuMoIPM
005 20260506122901.0
008 170328s1978 ru a||||||||||||||||rus d
035 _a(RuMoBEN) 001759069
035 _a(RuMoBEN-CBP Bibliobus) 106684
040 _aRuMoBEN
_brus
_ercr
041 _arus
044 _aru
080 _a51(076)
100 1 _aПодольский, Владимир Алексеевич
245 0 0 _aСборник задач по математике для техников-программистов
_b[учебное пособие для техникумов]
_cВ. А. Подольский, А. М. Суходский
260 _aМосква
_bВысшая школа
_c1978
300 _a352 с.
_bил.
700 0 _aСуходский, Андрей Матвеевич
942 _cBK
999 _c30497
_d30497